000 00328nam a2200133Ia 4500
005 20260328104301.0
008 260328s9999||||xx |||||||||||||| ||und||
100 _aCortázar, Julio
245 0 _aLas Armas Secretas /
_cJulio Cortázar
260 _bCátedra
300 _a215 p.
650 _aCUENTOS ARGENTINOS
942 _cBK
999 _c10612
_d10612